Districts of Malatya - Statistics

General Stats
  • This quiz has been taken 13 times
  • The average score is 12 of 13
Answer Stats
Hint Answer % Correct
A Akçadağ
100%
B Battalgazi
100%
D Darende
100%
H Hekimhan
100%
K Kale
100%
P Pütürge
100%
Y Yazıhan
100%
Y Yeşilyurt
100%
A Arguvan
88%
D Doğanşehir
88%
K Kuluncak
88%
A Arapgir
75%
D Doğanyol
75%
No matching quizzes found
Score Distribution
Percent of People with Each Score
Percentile by Number Answered
Your Score History
You have not taken this quiz